000 01112nam a2200229Ia 4500
999 _c56545
_d56545
001 23659
003 GE_BSU
005 20260306174055.0
008 181216s1968||||ge |||||||||||||| ||geo||
040 _cGE_BSU
041 _ageo
080 _a94(470)(075.8) ც-63
100 _aცინცაძე, იასე
_927079
245 _aძველი რუსეთის ადრეფეოდალური სახელმწიფო :
_b [დამხმ. სახელმძღვ. ისტორიის ფაკ-ტის სტუდენტებისათვის] /
_c იასე ცინცაძე ; რედ. ჯ. ჩიქოვანი.
264 _aთბილისი :
_bგანათლება,
_c1968.
300 _a185 გვ. ;
_c 22 სმ..
541 _h1ლ. 06 თ.
653 _aრუსეთის ისტორია
653 _aძველი რუსეთის ადრეფეოდალური სახელმწიფო
700 _aჩიქოვანი, ჯ.
_eრედაქტორი
_927080
942 _cBK
_2udc